Normal view MARC view

Entry Nome pessoal

Number of records used in: 2

001 - NÚMERO DE CONTROLE

  • campo de controle: 24

003 - IDENTIFICADOR DO NÚMERO DE CONTROLE

  • campo de controle: Br

005 - DATA E HORÁRIO DA ÚLTIMA TRANSAÇÃO

  • campo de controle: 20250120102642.0

008 - CAMPO DE DADOS FIXOS

  • campo de controle de tamanho fixo: 080725|| acnacaban aaaa

035 ## - NÚMERO DE CONTROLE DO SISTEMA

  • Número de Controle do Sistema: 2008072513495621med

040 ## - FONTE DA CATALOGAÇÃO

  • Instituição da catalogação original: blrjbn
  • Instituição que transcreveu o registro: blrjbn

100 1# - CABEÇALHO--NOME PESSOAL

  • Nome pessoal: Ahern, Cecelia,
  • Datas associadas ao nome: 1981-

670 ## - FONTE POSITIVA DOS DADOS

  • Citação da fonte positiva dos dados: Autora de: Onde terminam os arco-íris. 2006
  • Dados encontrados na fonte localizada no subcampo: (orelha: graduada em Jornalismo e Comunicação; site)

670 ## - FONTE POSITIVA DOS DADOS

  • Citação da fonte positiva dos dados: http://catalog.loc.gov

670 ## - FONTE POSITIVA DOS DADOS

  • Citação da fonte positiva dos dados: http://authorities.loc.gov
  • Dados encontrados na fonte localizada no subcampo: (d.n.)

670 ## - FONTE POSITIVA DOS DADOS

  • Citação da fonte positiva dos dados: http://catalogue.bl.uk 13/8/2013

670 ## - FONTE POSITIVA DOS DADOS

  • Citação da fonte positiva dos dados: http://d-nb.info/gnd/128795972/about/html
  • Dados encontrados na fonte localizada no subcampo: (d.n.)

Powered by Koha